A városnak az üzemében fekvő tőkéje után fizetett kamat és a város központi igazgatásának költségeihez való hozzájárulás a mérlegszerű nyereséghez hozzáadandó

Elmentve itt :
Bibliográfiai részletek
Dokumentumtípus: Cikk
Megjelent: 1930
Sorozat:Polgári jog : a hazai és külföldi magánjog és hiteljog szemléje 6
Kulcsszavak:Vállalkozás önkormányzat
Online Access:http://misc.bibl.u-szeged.hu/5801
LEADER 00711nab a2200157 i 4500
001 misc5801
005 20191106142625.0
008 170607s1930 hu o 0|| hun d
040 |a SZTE Miscellanea Repozitórium  |b hun 
041 |a hun 
245 0 2 |a A városnak az üzemében fekvő tőkéje után fizetett kamat és a város központi igazgatásának költségeihez való hozzájárulás a mérlegszerű nyereséghez hozzáadandó  |h [elektronikus dokumentum] 
260 |c 1930 
300 |a 285-286b 
490 0 |a Polgári jog : a hazai és külföldi magánjog és hiteljog szemléje  |v 6 
695 |a Vállalkozás önkormányzat 
856 4 0 |u http://misc.bibl.u-szeged.hu/5801/1/polgari_jog_1930_285-286b.pdf  |z Dokumentum-elérés